000 00521nam a2200133Ia 4500
008 171212s9999 xx 000 0 und d
020 _a9780874216363
100 _aGoldstein, Diane;Grider, Sylvia;Thomas, Jeannie Banks
245 _cGoldstein, Diane;Grider, Sylvia;Thomas, Jeannie Banks
_aHaunting Experiences
_bGhosts in Contemporary Folklore
260 _bUniversity Press of Colorado
_c2007
650 _aGhosts; Supernatural; Haunted places
650 _aSociology
856 _uhttp://www.jstor.org/stable/j.ctt4cgmqg
999 _c353079
_d353079